| 000 | 01442nam a2200325 a 4500 | ||
|---|---|---|---|
| 001 | 1913117 | ||
| 003 | OSt | ||
| 005 | 20230606154049.0 | ||
| 008 | 840927s1983 ke a b 101 0 eng | ||
| 010 | _a 84980529 | ||
| 040 |
_aDLC _cDLC _dDLC |
||
| 050 | 0 | 0 |
_aRC960 _b.M38 1981 |
| 082 | 0 | 0 |
_a616.9883096 _220 _bTUK |
| 111 | 2 |
_aMedical Conference _n(2nd : _d1981 : _cNairobi, Kenya) |
|
| 245 | 1 | 0 |
_aDiseases of the tropics : _btrends in research with special emphasis on leishmaniasis : proceedings of the 2nd Annual Medical Conference, Nairobi, Kenya, 1981 / _cKenya Medical Research Institute (KEMRI), Kenya Trypanosomiasis Research Institute (KETRI), with the generous support of the National Council of Science and Technology ; editors, P.M. Tukei, A.R. Njogu. |
| 260 |
_aNairobi, Kenya : _bAfrica Book Services (EA), _c1983. |
||
| 300 |
_aviii, 244 p. : _bill. ; _c26 cm. |
||
| 504 | _aIncludes bibliographies and index. | ||
| 590 | _aLC copy has p. [i]-iv bound in twice. | ||
| 650 | 0 |
_aTropical medicine _xCongresses. |
|
| 650 | 0 |
_aLeishmaniasis _xCongresses. |
|
| 700 | 1 |
_aTukei, P. M. _q(Peter M.) |
|
| 700 | 1 | _aNjogu, A. R. | |
| 710 | 2 | _aKenya Medical Research Institute. | |
| 710 | 2 | _aKenya Trypanosomiasis Research Institute. | |
| 710 | 2 | _aNational Council for Science and Technology (Kenya) | |
| 906 |
_a7 _bcbc _corignew _d3 _encip _f19 _gy-gencatlg |
||
| 942 |
_2ddc _cBK |
||
| 999 |
_c735 _d735 |
||